| 000 | 00772nam a2200241Ia 4500 | ||
|---|---|---|---|
| 001 | dia_4106 | ||
| 003 | CHAP | ||
| 005 | 20251015155013.0 | ||
| 008 | 220117s1987 xx 000 0 und d | ||
| 010 | _a174726 | ||
| 040 |
_cCHAP _amxchpua _erda |
||
| 090 | _aFOLLETO 2437 | ||
| 100 |
_aAguilar López, Ángel _9155665 |
||
| 245 | _aLa producción del piloncillo en los municipios de Actopan y Alto Lucero, Veracruz | ||
| 260 |
_aChapingo, México : _b UACh, Centro Regional Universitario de Oriente, _c1987 |
||
| 300 | _a28 h. | ||
| 500 | _aS/c (Reporte del servicio social) | ||
| 650 |
_aPiloncillo _xProducción _988081 |
||
| 901 | _aFOLLETO 2437 | ||
| 902 | _aM | ||
| 905 | _a0000001987 mx A 0000000000spa00 | ||
| 942 |
_cFOLL _2local |
||
| 999 |
_c174726 _d174726 |
||